[Event "It (open)"]
[Site "masterchessopen.com Tabor (Czech Republic)"]
[Date "2012.07.30"]
[Round "3"]
[White "Kantorik Marian (SVK)"]
[Black "Voloshin Leonid (CZE)"]
[Result "0-1"]
[WhiteElo "2305"]
[BlackElo "2427"]

1.d4 Nf6 2.c4 e6 3.Nc3 Bb4 4.e3 O-O 5.Ne2 d5 6.a3 Be7 7.Ng3 b6 8.Be2 dxc4
9.Bxc4 Bb7 10.O-O c5 11.dxc5 bxc5 12.Qe2 Nc6 13.Ba6 Bxa6 14.Qxa6 Qb6 15.Qxb6
axb6 16.Rd1 Rfd8 17.Rxd8+ Rxd8 18.Kf1 Na5 19.Ke2 Nb3 20.Rb1 Ng4 21.Nf1 f5
22.h3 Ne5 23.Nd2 Na5 24.Nf3 Nxf3 25.b4 Ng1+ 26.Kf1 Bf6 27.bxa5 Bxc3 28.Bd2
Bxd2 29.axb6 c4 {#R} 0-1

[Event "Tournament (open)"]
[Site "masterchessopen.com Anapolis (Brazil)"]
[Date "2012.08.03"]
[Round "1"]
[White "De Melo Raissa Vieira"]
[Black "Froes Leonardo Sanches (BRA)"]
[Result "0-1"]
[WhiteElo "1444"]
[BlackElo "1937"]

1.d4 Nf6 2.c4 e6 3.Nc3 Bb4 4.e3 O-O 5.Ne2 d5 6.a3 Be7 7.Nf4 c6 8.cxd5 exd5
9.Bd3 Bd6 10.Nfe2 Re8 11.f3 Qc7 12.e4 dxe4 13.Nxe4 Nxe4 14.fxe4 f6 15.g3 Bg4
16.O-O Nd7 17.Bf4 Kh8 18.Qd2 Rad8 19.Nc3 Nf8 20.Bc2 Ne6 21.Bxd6 Qxd6 22.d5 Ng5
23.Qd3 Re5 24.Bb3 Rde8 25.Rae1 f5 26.Bc2 cxd5 {#R} 0-1

[Event "Memorial Izmailov (open)"]
[Site "masterchessopen.com Tomsk (Russia)"]
[Date "2012.08.14"]
[Round "8"]
[White "Fitiak Sergey (RUS)"]
[Black "Gutov Andrey (RUS)"]
[Result "0-1"]
[WhiteElo "2207"]
[BlackElo "2413"]

1.d4 Nf6 2.c4 e6 3.Nc3 Bb4 4.e3 O-O 5.Ne2 d5 6.a3 Be7 7.Nf4 c6 8.Bd3 Nbd7
9.cxd5 exd5 10.O-O Bd6 11.Nce2 Re8 12.Bc2 Qc7 13.Ng3 Nf8 14.Nfh5 Ne4 15.Qf3
Qe7 16.h3 Ng6 17.Nf5 Bxf5 18.Qxf5 Nh4 19.Qg4 f5 20.Qe2 g6 21.Nf4 Qg5 22.f3 Ng3
23.Qf2 Nxf1 24.Kxf1 Bxf4 25.exf4 Qxg2+ 26.Qxg2 Nxg2 27.Kf2 Ne1 28.Bb1 Re6
29.Bd2 Rae8 30.Be4 Nc2 {#R} 0-1

[Event "Memorial M.Botvinnik (open)"]
[Site "masterchessopen.com St. Petersburg (Russia)"]
[Date "2012.08.27"]
[Round "3"]
[White "Andreeva Yulia (RUS)"]
[Black "Toporkova Sofia (RUS)"]
[Result "1-0"]
[WhiteElo "1928"]
[BlackElo "1729"]

1.d4 Nf6 2.c4 e6 3.Nc3 Bb4 4.e3 O-O 5.Ne2 b6 6.a3 Be7 7.Nf4 d5 8.b4 dxc4
9.Bxc4 c5 10.Qf3 Qc7 11.Nb5 Qc6 12.d5 Nxd5 13.Nxd5 exd5 14.Bxd5 Qxb5 15.Bb2
Ba6 16.Bxa8 cxb4 17.a4 Qd3 18.Be4 Qb3 19.Qf5 g6 20.Qe5 f6 21.Bd5+ Rf7 22.Qxb8+
Kg7 23.Bxb3 {#r} 1-0

[Event "It (open)"]
[Site "masterchessopen.com Trieste (Italy)"]
[Date "2012.09.02"]
[Round "2"]
[White "David Alberto (LUX)"]
[Black "Franca Veronika (SLO)"]
[Result "1-0"]
[WhiteElo "2605"]
[BlackElo "1849"]

1.d4 Nf6 2.c4 e6 3.Nc3 Bb4 4.e3 O-O 5.Ne2 d5 6.a3 Be7 7.cxd5 exd5 8.g3 Bf5
9.Bg2 c6 10.O-O Nbd7 11.f3 Nb6 12.e4 dxe4 13.fxe4 Bg4 14.h3 Bh5 15.g4 Bg6
16.Bf4 Re8 17.Qb3 Bf8 18.Bg5 Be7 19.Bxf6 Bxf6 20.Rad1 Qd7 21.e5 Bh4 22.Nf4 Qe7
23.a4 c5 24.a5 cxd4 25.Nb5 Nc8 26.Nxg6 hxg6 27.Rxf7 {#r} 1-0

[Event "Ch Germany (juniors) (Internet) (under 14) (qual2)"]
[Site "masterchessopen.com Internet"]
[Date "2012.09.05"]
[Round "6"]
[White "Wiesner Paula"]
[Black "Tsolakidou Stavroula"]
[Result "1-0"]
[WhiteElo "1676"]
[BlackElo "1791"]

1.d4 Nf6 2.c4 e6 3.Nc3 Bb4 4.e3 O-O 5.Ne2 b6 6.a3 Bxc3+ 7.Nxc3 Bb7 8.Bd3 d5
9.O-O dxc4 10.Bxc4 Nbd7 11.Re1 c5 12.dxc5 Nxc5 13.b4 Nce4 14.Nxe4 Nxe4 15.Bb2
Qg5 16.f3 Rfd8 17.Qc2 Nd6 18.Bb3 Bxf3 19.Qf2 Be4 20.Rad1 Nf5 21.Bd4 Nh4 22.Qg3
Qxg3 23.hxg3 Nf5 24.Kh2 Nxd4 25.exd4 Bd5 26.Bxd5 Rxd5 27.Re5 Rad8 28.Rxd5 Rd7
29.Rxd7 {#r} 1-0

[Event "US Chess League"]
[Site "masterchessopen.com Internet"]
[Date "2012.09.10"]
[Round "2"]
[White "Bartell Thomas (USA)"]
[Black "Ginsburg Mark (USA)"]
[Result "0-1"]
[WhiteElo "2410"]
[BlackElo "2358"]

1.d4 Nf6 2.c4 e6 3.Nc3 Bb4 4.e3 O-O 5.Ne2 d5 6.a3 Be7 7.cxd5 Nxd5 8.g3 c5
9.dxc5 Nxc3 10.Qxd8 Rxd8 11.Nxc3 Bxc5 12.Bg2 Nc6 13.Bd2 Ne5 14.Ke2 Nc4 15.Bc1
Rb8 16.b3 Ne5 17.Ne4 b6 18.Bd2 Ba6+ 19.Kd1 Be7 20.f4 Ng4 21.Ke1 Bb7 22.h3 Nh6
23.Rg1 Nf5 24.Nf2 Bxg2 25.Rxg2 Rbc8 26.Ra2 h5 27.g4 hxg4 28.hxg4 Nd6 29.Bb4
Bh4 30.Bxd6 Rxd6 31.Rd2 Rc1+ 32.Ke2 Rxd2+ 33.Kxd2 Ra1 34.Ke2 Bxf2 35.Rxf2 Rxa3
{#R} 0-1

[Event "Cup Russia (open)"]
[Site "masterchessopen.com Vladivostok (Russia)"]
[Date "2012.09.21"]
[Round "5"]
[White "Bocharov Dmitry (RUS)"]
[Black "Belozerov Andrei (RUS)"]
[Result "1-0"]
[WhiteElo "2603"]
[BlackElo "2507"]

1.c4 Nf6 2.Nc3 e6 3.d4 Bb4 4.e3 O-O 5.Ne2 d5 6.a3 Be7 7.cxd5 exd5 8.h3 Re8
9.g4 c6 10.Bg2 a5 11.O-O Na6 12.Ng3 Bd6 13.f4 Nc7 14.g5 Nd7 15.e4 dxe4
16.Ngxe4 Bf8 17.f5 Nb6 18.Qf3 Nc4 19.Kh1 Qxd4 20.Bf4 Rxe4 21.Nxe4 Nd5 22.Rad1
Qxb2 23.g6 Ne5 24.Bxe5 Qxe5 25.gxh7+ Kh8 26.Ng5 Be6 27.Rde1 Qf6 28.Qh5 g6
29.fxg6 Nf4 30.Rxe6 fxe6 31.Rxf4 {#r} 1-0

[Event "Ch Belgium (team) 2012/13"]
[Site "masterchessopen.com Belgium"]
[Date "2012.09.23"]
[Round "1"]
[White "Hamblok Roel (BEL)"]
[Black "Docx Stefan (BEL)"]
[Result "0-1"]
[WhiteElo "2230"]
[BlackElo "2418"]

1.d4 Nf6 2.c4 e6 3.Nc3 Bb4 4.e3 O-O 5.Ne2 d5 6.a3 Bd6 7.Ng3 c5 8.dxc5 Bxc5
9.cxd5 exd5 10.Bd3 Nc6 11.O-O Bg4 12.Nce2 Re8 13.h3 Be6 14.b4 Bd6 15.Bb2 a5
16.bxa5 Rxa5 17.Nf5 Bxf5 18.Bxf5 d4 19.Bc2 dxe3 20.fxe3 Rxe3 21.Bxf6 gxf6
22.Kh1 Be5 23.Qxd8+ Nxd8 24.Rad1 Ne6 25.Ng1 Nd4 {#R} 0-1

[Event "Ch Romania (team) (superliga)"]
[Site "masterchessopen.com Mamaia (Romania)"]
[Date "2012.09.23"]
[Round "2"]
[White "Tarlev Konstantin (UKR)"]
[Black "Berkes Ferenc (HUN)"]
[Result "0-1"]
[WhiteElo "2528"]
[BlackElo "2679"]

1.d4 Nf6 2.c4 e6 3.Nc3 Bb4 4.e3 O-O 5.Ne2 d5 6.a3 Be7 7.Nf4 c6 8.g4 dxc4
9.Bxc4 Nbd7 10.g5 Nd5 11.h4 Nxc3 12.bxc3 e5 13.Ng6 hxg6 14.h5 Bxg5 15.hxg6 Nf6
16.e4 Bxc1 17.gxf7+ Rxf7 18.Rxc1 Qe7 19.dxe5 Be6 {#R} 0-1